000 01262nam a2200217Ia 4500
003 Ost
005 20260416102356.0
008 260416s9999||||xx |||||||||||||| ||und||
040 _cfsecg
041 _aara
082 _a519.72
100 _aبن الدين، دوادي
_eمؤلف
245 0 _a رياضيات المؤسسة :
_bمطبوعة موجهة لطلبة السنة الثانية علوم التسيير /
_c دوادي بن الدين
260 _aالجزائر
_bجامعة الجزائر3: كلية العلوم الإقتصادية، العلوم التجارية وعلوم التسيير
_c2020
300 _a125 ورقة
_bايضاحات
_c30 سم
504 _aمراجع ص.122
520 _aمدخل للبرمجة الخطية و صياغة نماذجها و طريقة الحل البياني لنماذج البرمجة الخطية و طريقة السمبلكس و كذا نظرية النمودج الثنائي و تحليل الحساسية و اخيرا صياغة و حل مسائل النقل.
653 _aالبرمجة الخطية
710 _aجامعة الجزائر3: كلية العلوم الإقتصادية، العلوم التجارية وعلوم التسيير
_eناشر علمي
942 _cHANDOUT
999 _c41217
_d41217